Magyar nyelvjárások (Hungarian language quiz) - Statistics

General Stats
  • This quiz has been taken 787 times
    784 since last reset
  • The average score is 6 of 15
Answer Stats
Question Answer % Correct
Melyik szomszédos országban található a legtöbb, határon túli magyar nyelvjárás? Románia
88%
Melyik magyar nyelvjárás küzd a román parlamentben az autonómiáért jelenleg Romániában? Székely
81%
Mit jelent a következő szabolcsi tájszó? III.: kompré burgonya
65%
Mit jelent a következő erdélyi tájszó? IV.: honcsok vakond
53%
Melyik Magyarországgal szomszédos állam(ok)ban található a legkevesebb magyar nyelvet beszélő ember? Szlovénia és Horvátország
52%
Mit jelent a következő (ismeretlen eredetű) tájszó? V.: pekvanc holmi
51%
Melyik nyelven nevezik a magyarokat így: "мажар"? kazah
49%
Mit jelent a következő tájszó? VII.: berbence (~börbönce) Fából készült kerek edényke
36%
Melyik mai ország területén található meg az egyetlen, a történelmi Magyarország területén kívül őshonos magyar kisebbség, a csángók? Románia
33%
Nagyjából hány darab határon túli magyar nyelvjárás található szomszédaink területén? 8
32%
Mit jelent a következő szabolcsi tájszó? II.: levonó matrica
26%
BÓNUSZ: A második világháború alatt sok, Trianonnal elvesztett terület került vissza Magyarországhoz. (A felsoroltak közül) a II. bécsi döntéssel visszakerült országrésszel együtt, melyik magyar nyelvjárás tekintélyes része került vissza a csonka Magyarországhoz? Mezőségi nyelvjárási régió
22%
Mit jelent a következő szabolcsi tájszó? I.: kóku mumus
22%
Melyik országcsoportban van a legtöbb, a magyar nyelvjárások egyikét beszélő ember? Szlovénia - Magyarország
17%
Mit jelent a következő, őrségi tájszó? VI.: supetli deszkakészítmény
9%
No matching quizzes found
Score Distribution
Percent of People with Each Score
Percentile by Number Answered
Your Score History
You have not taken this quiz since the last reset